| 000 | 01010nam a2200325 a 4500 | ||
|---|---|---|---|
| 001 | 000115681 | ||
| 003 | CHAP | ||
| 005 | 20220329144544.0 | ||
| 008 | 190621s2018 sp a |r| ||||||spa d | ||
| 010 | _a112142 | ||
| 011 | _a113114 | ||
| 020 | _a9788499886312 | ||
| 040 | _cCHAP | ||
| 082 | 0 | 4 |
_a291.44 _bA44 |
| 100 | 1 |
_aAlmendro, Manuel. _9136268 |
|
| 245 | 1 | 3 |
_aEl laberinto de la ayahuasca : _binvestigaciones sobre el chamanismo y las medicinas indígenas / _cpor Manuel Almendro. |
| 260 |
_aBarcelona : _bKairós, _c2018. |
||
| 300 | _a628 p. | ||
| 590 |
_aBATCH-UPD _b05 _c20190621 _lUCH01 _h1257 |
||
| 590 |
_aE11695DGD _b10 _c20190707 _lUCH01 _h1402 |
||
| 590 |
_aE5765TAJ _b05 _c20190621 _lUCH01 _h1256 |
||
| 650 | 1 | 4 |
_aChamanismo _zMéxico. _9136237 |
| 650 | 1 | 4 |
_aChamanismo _zPerú. _9136238 |
| 650 | 1 | 4 |
_aIndios de América _xReligión. _9136239 |
| 650 | 1 | 4 |
_aMedicina tradicional. _973921 |
| 650 | 1 | 4 |
_aPlantas alucinógenas _zAmérica. _9136240 |
| 901 | _aBK | ||
| 942 | _cLIBRO | ||
| 942 | _n0 | ||
| 999 |
_c112142 _d112142 |
||